|
|
|
|
| LEADER |
00651cam a2200169 7i4500 |
| 001 |
0000048752 |
| 005 |
20190521090000.0 |
| 020 |
|
|
|a 1887752153 (pbk.)
|
| 090 |
0 |
0 |
|a B753.S833
|b S84 1998
|
| 100 |
1 |
|
|a Al-Suhrawardi, Hazrat Shihabuddin Yahya
|
| 245 |
1 |
0 |
|a Suhrawardi :
|b the shape of light : hayakal al-nur
|c Hazrat Shihabuddin Yahya al-Suhrawardi ; interpreted by Shaykh Tosun Bayrak al-Jerrahi al-Halveti.
|
| 260 |
|
|
|a Louisville, KY:
|b Fons Vitae,
|c 1998.
|
| 300 |
|
|
|a 121 p.;
|c 23 cm.
|
| 500 |
|
|
|a Gift: Zainol Ahmad Resource Center
|
| 650 |
0 |
0 |
|a Islamic philosophy
|
| 700 |
1 |
|
|a Bayrak, Tosun
|
| 999 |
|
|
|a 0000065849
|b BOK
|c OPEN SHELF
|e 1st Floor, Bestari Jaya
|